| 000 | 00910cab a2200229 4500 | ||
|---|---|---|---|
| 001 | X96468 | ||
| 008 | 090401t1999 xxu||||| |||| 00| 0 eng d | ||
| 035 | _a(Sirsi) u91109 | ||
| 041 | _aeng | ||
| 245 | _aMaterial considerations | ||
| 260 | _c1999 | ||
| 350 | _a0 | ||
| 490 |
_aEstates Gazette _v[1999] EGCS 6 (30/01/1999) |
||
| 520 | _a"R V Tandridge DC and others, ex parte Al fayed" QBD 14 January 1999. Local resident challenging permission for telecom tower - council taking inadequate account of objector`s fears about radiation - official reports finding no current evidence of health hazard - but point to need for further research. Held: application dismissed. | ||
| 650 | _aPLANNING PERMISSION | ||
| 650 | _aR V TANDRIDGE DC AND OTHERS EX P AL FAYED | ||
| 650 | _aRADIATION | ||
| 650 | _aRADIO MASTS | ||
| 690 | _aPLANNING LAW AND PRACTICE-CASE LAW | ||
| 942 | _n0 | ||
| 948 | _c04/02/1999 | ||
| 999 |
_c57815 _d57815 |
||